| 000 | nam a22 7a 4500 | ||
|---|---|---|---|
| 999 |
_c29404 _d29404 |
||
| 008 | 171205b xxu||||| |||| 00| 0 eng d | ||
| 020 | _a9789966462138 | ||
| 050 | _aPL 8704 .M53 2002 | ||
| 100 | _aMkangi,Katama | ||
| 245 |
_aMafuta. _cKatama Mkangi |
||
| 260 |
_aNairobi: _bEAE publishers, _c2002. |
||
| 300 | _a92p. | ||
| 942 |
_2lcc _cAFRICANA _hPL 8704 .M53 2002 |
||